| 000 | 00662nam a2200241 a 4500 | ||
|---|---|---|---|
| 005 | 20210219153447.0 | ||
| 008 | 991125n 000 0 u | ||
| 035 | _aUPN01000101129 | ||
| 100 | _aTrimble, Ralph W. | ||
| 222 | _aNASPA JOURNAL | ||
| 245 | _aStudent personnel administration : is it for you? | ||
| 300 | _a156-162 | ||
| 362 | _a28, No. 2, 1991 | ||
| 505 | _aOctubre 1991 | ||
| 653 | 0 | _aADMINISTRADORES | |
| 653 | 0 | _aEMPLEO DE ESTUDIANTES | |
| 653 | 0 | _aPROMOCION (OCUPACION) | |
| 653 | 0 | _aSERVICIOS PERSONALES A ESTUDIANTES | |
| 700 | _aAllen, Deborah R. | ||
| 700 | _aVidoni, Dennis O. | ||
| 904 |
_aAC _b038940 |
||
| 905 | _aArticulo | ||
| 999 |
_c77465 _d77465 |
||